Statistics for Municipalities of Umbria (with a map)

Click here to take the quiz!

General Stats

  • This quiz has been taken 109 times
  • The average score is 29 of 92

Answers on the Map

Answers color-coded by a green-red scale on the quiz's map according to % correct below.
 

Answer Stats

Comune% Correct
Perugia
97%
Terni
96%
Assisi
82%
Foligno
81%
Orvieto
79%
Città  di Castello
78%
Gubbio
76%
Spoleto
76%
Norcia
70%
Narni
66%
Todi
63%
Gualdo Tadino
54%
Castiglione del Lago
49%
Spello
49%
Umbertide
49%
Bastia Umbra
48%
Amelia
45%
Cascia
45%
Città  della Pieve
45%
Acquasparta
43%
Deruta
42%
Nocera Umbra
42%
Trevi
40%
Marsciano
39%
Massa Martana
37%
Bevagna
36%
Montefalco
36%
Passignano sul Trasimeno
34%
Fabro
33%
San Gemini
33%
Torgiano
33%
Tuoro sul Trasimeno
33%
Bettona
30%
Gualdo Cattaneo
30%
Magione
30%
Ferentillo
28%
Panicale
28%
Corciano
27%
Allerona
25%
Arrone
25%
San Giustino
25%
Stroncone
25%
Cannara
24%
Citerna
24%
Ficulle
24%
Montecastrilli
24%
Fossato di Vico
22%
Monteleone di Spoleto
22%
Pietralunga
22%
Preci
22%
San Venanzo
22%
Giove
21%
Montecchio
21%
Montone
21%
Otricoli
21%
Sellano
21%
Sigillo
21%
Valfabbrica
21%
Vallo di Nera
21%
Valtopina
21%
Alviano
19%
Baschi
19%
Castel Giorgio
19%
Cerreto di Spoleto
19%
Guardea
19%
Lugnano in Teverina
19%
Monte Castello di Vibio
19%
Piegaro
19%
Scheggia e Pascelupo
19%
Scheggino
19%
Attigliano
18%
Campello sul Clitunno
18%
Castel Viscardo
18%
Giano dell'Umbria
18%
Lisciano Niccone
18%
Montegabbione
18%
Paciano
18%
Castel Ritaldi
16%
Costacciaro
16%
Parrano
16%
Avigliano Umbro
15%
Fratta Todina
15%
Monteleone d'Orvieto
15%
Monte Santa Maria Tiberina
15%
Poggiodomo
15%
Porano
15%
Calvi dell'Umbria
13%
Collazzone
13%
Sant'Anatolia di Narco
13%
Montefranco
12%
Penna in Teverina
12%
Polino
10%

Score Distribution

Percentile by Number Answered

Percent of People with Each Score

Your Score History

You have not taken this quiz